Les pays qui ont participé à la guerre de Sept Ans - Statistiques

Statistiques générales
  • Ce quiz a été pris 76 fois
  • Le résultat moyen est 13 sur 24
Statistiques - réponses
Hint Réponse % Correct
Royaume de France
100%
(colonie) Nouvelle- France
100%
Royaume de Grande-Bretagne
98%
Empire russe
95%
(colonie) Nouvelle- Espagne
92%
Royaume d' Espagne
91%
Royaume du Portugal
83%
Royaume de Prusse
83%
Monarchie de Habsbourg
80%
Royaume de Suède
69%
Electorat de Saxe
45%
Empire moghol
42%
Royaume d' Irlande
41%
(colonie) Indes orientales
39%
(colonies) Indes orientales
39%
(colonie) Treize colonies
38%
Landgraviat de Hesse-Cassel
23%
Electorat de Brunswick-Lunebourg
20%
Principauté de Brunswick-Wolfenbüttel
20%
(colonie) Vice-royauté du Pérou
20%
Hetmanat cosaque
17%
Confédération iroquoise
16%
Principauté de Schaumbourg-Lippe
13%
Abénaquis
6%
Aucun quiz correspondant
Distribution des résultats
% des personnes avec chaque résultat
Percentile par nombre de réponses
Votre historique - résultats
Vous n’avez pas pris ce quiz